000 00894nmm a2200289 a 4500
001 ocm000585438
003 TR-IsHL
005 20201028122545.0
008 131028s2012 tu tur
007 cr cn
020 _a9786055506773
035 _a585438
_b(N$T)
050 0 4 _aNC730
_b.D63 2012
090 0 4 _aNC730
_b.D63 2012
100 1 _aDodson, Bert
245 1 0 _aÇizimin temelleri
_h[electronic resource] /
_cBert Dodson ; çev. Fatih Hasan Yüksel
250 _a1. bs.
260 _aİstanbul :
_bBilge Kültür Sanat,
_c2012
300 _a224 p.
650 4 _aGenel Çalışmalar
650 4 _aGeneral Works
650 0 _aÇizim
_x Teknik
650 0 _aDrawing
_x Technique
650 7 _aART / Techniques / Drawing
_2bisacsh
700 1 _aYüksel, Fatih Hasan
856 4 0 _uhttp://search.ebscohost.com/login.aspx?direct=true&scope=site&db=e011xww&AN=585438
999 _c1932
_d1932